000 00708nam a2200241Ia 4500
005 20250425162832.0
008 250425s9999 xx 000 0 und d
020 _a9781472572714
041 _z
_hspa
082 _a745.6
_pAMB
100 _aAmbrose, Gavin
245 0 _aDesign Thinking For Visual Communication
_cGavin Ambrose; Paul Harris
250 _aSegunda Edición
260 _aNew York
_bBloomsbury Publishing Plc
_c2015
300 _a192 Páginas
_bIlustrado
_c23 cm
500 _aTabla de Contenido - Glosario - Indice
650 _aDiseño de Pensamiento
650 _aImplementación
700 _aHarris, Paul
902 _aMonográfico - Impreso
942 _c01
010 _a111372
999 _c237404
_d237404